Minecraft (SUPER HARD) - Statistics

General Stats
  • This quiz has been taken 153 times
    78 since last reset
  • The average score is 2 of 5
Answer Stats
Questions Answer % Correct
What is a special name for the Vindicator that makes it aggressive towards everyone? Johnny
74%
Full name of the creator. Markus Persson Notch
59%
When a mooshroom cow walks on a grass block, what does it turn into? Cow
37%
What is the equivalent of bedrock in creative? Barrier block
23%
What is the ID of blue wool? 11
7%
No matching quizzes found
Score Distribution
Percent of People with Each Score
Percentile by Number Answered
Your Score History
You have not taken this quiz since the last reset